[Event "Challenge"]
[Site "http://www.queenalice.com/game.php?id=35256"]
[Date "2005.10.27"]
[Round "-"]
[White "raphaelsantana"]
[Black "tigre"]
[Result "1-0"]
[WhiteElo "1157"]
[BlackElo "770"]

1. e4 d6 2. Bb5+ Bd7 3. Bc4 b5 4. Bd5 e6 5. Bxa8 Nc6 6. Bb7 Qb8 7. Ba6 Qb6 8.
Bxb5 Qxb5 9. Nc3 Qg5 10. Nh3 Qxg2 11. Rg1 Qxh3 12. d3 1-0

[Event "Let's Play Chess!"]
[Site "http://www.queenalice.com/game.php?id=36062"]
[Date "2005.11.2"]
[Round "-"]
[White "raphaelsantana"]
[Black "Edgar"]
[Result "0-1"]
[WhiteElo "1100"]
[BlackElo "1603"]

1. e4 e5 2. Nc3 Nf6 3. Nf3 Nc6 4. d3 Bb4 5. Bg5 h6 6. a3 Bxc3+ 7. bxc3 hxg5 8.
Nxg5 Nh5 9. Qf3 Qxg5 10. g4 Nf4 11. h4 Rxh4 12. Rb1 Qh6 13. d4 Rxh1 14. g5 Qh2
15. dxe5 Nxe5 16. Qd1 Qh4 17. Qd5 Ng2+ 18. Kd1 Rxf1+ 19. Kd2 Qxf2# 0-1

[Event "AUTO-ADV-111"]
[Site "http://www.queenalice.com/game.php?id=42038"]
[Date "2005.12.7"]
[Round "1"]
[White "raphaelsantana"]
[Black "VICSAR"]
[Result "0-1"]
[WhiteElo "1240"]
[BlackElo "1677"]

1. Nc3 c6 2. Nf3 g6 3. a4 Bg7 4. e3 d6 5. Nh4 Nf6 6. d4 O-O 7. d5 cxd5 8. Nxd5
Nxd5 9. Qxd5 e6 10. Qe4 d5 11. Qg4 e5 12. Qe2 Qxh4 13. g3 Qb4+ 14. c3 Qd6 15. h4
Bd7 16. Bg2 Bc6 17. O-O e4 18. Rd1 Nd7 19. b3 Nf6 20. Ba3 Qe5 21. Bxf8 Rxf8 22.
Rac1 Bd7 23. c4 Bg4 24. f3 exf3 25. Bxf3 Qxg3+ 26. Qg2 Qxf3 27. Re1 Qxg2+ 28.
Kxg2 Ne4 0-1

[Event "AUTO-ADV-111"]
[Site "http://www.queenalice.com/game.php?id=42039"]
[Date "2005.12.7"]
[Round "1"]
[White "VICSAR"]
[Black "raphaelsantana"]
[Result "1-0"]
[WhiteElo "1679"]
[BlackElo "1240"]

1. e4 Nc6 2. Nf3 Nf6 3. Nc3 e6 4. d4 d5 5. e5 Ng8 6. Bb5 Bb4 7. Bd2 Ne7 8. a3
Ba5 9. b4 Bb6 10. Na4 Nf5 11. Nxb6 axb6 12. Bxc6+ bxc6 13. Bg5 f6 14. exf6 gxf6
15. Bd2 Ba6 16. c3 Rg8 17. g3 Rg4 18. Be3 Bc4 19. Nd2 e5 20. Qxg4 Qd7 21. Qg8+
Ke7 22. Qxa8 exd4 23. cxd4 Nd6 24. Nxc4 Nxc4 25. O-O Qf5 26. Qxc6 Kd8 27. Qxc4
dxc4 28. Rfc1 1-0

[Event "AUTO-ADV-111"]
[Site "http://www.queenalice.com/game.php?id=42040"]
[Date "2005.12.7"]
[Round "1"]
[White "raphaelsantana"]
[Black "Peppone"]
[Result "0-1"]
[WhiteElo "1234"]
[BlackElo "1742"]

1. Nc3 d5 2. Nxd5 Qxd5 3. Nf3 Nc6 4. d4 Bg4 5. Nh4 Qxd4 6. c3 Qxd1+ 7. Kxd1
O-O-O+ 8. Ke1 e5 9. Bg5 Be7 10. Nf3 Bxf3 11. exf3 h6 12. Be3 Nf6 13. Bc4 Nd5 14.
Bd2 f6 0-1

[Event "AUTO-ADV-111"]
[Site "http://www.queenalice.com/game.php?id=42041"]
[Date "2005.12.7"]
[Round "1"]
[White "Peppone"]
[Black "raphaelsantana"]
[Result "1-0"]
[WhiteElo "1742"]
[BlackElo "1234"]

1. e4 Nf6 2. Nc3 e5 3. Nf3 Nc6 4. Bc4 Bc5 5. O-O Nh5 6. Bb3 Nf4 7. d3 Qf6 8. Bd5
Qg6 9. Bxf4 d6 10. Bxc6+ bxc6 11. Bg3 O-O 12. Na4 Bb4 13. c3 Ba5 14. Nh4 Qf6 15.
b4 1-0

[Event "AUTO-ADV-111"]
[Site "http://www.queenalice.com/game.php?id=42042"]
[Date "2005.12.7"]
[Round "1"]
[White "raphaelsantana"]
[Black "cipripereira"]
[Result "0-1"]
[WhiteElo "1234"]
[BlackElo "1557"]

1. e4 Nf6 2. e5 Nd5 3. h4 e6 4. Rh3 Nf4 5. Rf3 g5 6. hxg5 Ng6 7. Nc3 Qxg5 8. d4
Qh4 9. Nb5 Na6 10. Qd2 Bb4 11. c3 Be7 12. b4 O-O 13. g3 Qe4+ 14. Ne2 Qxf3 15.
Qe3 Qh1 16. Rb1 c6 17. Na3 b5 18. Nf4 Bg5 19. Qe2 f6 20. exf6 Rxf6 21. Nh3 Bxc1
22. Rxc1 d5 23. Ng5 h6 24. Nh3 Nc7 25. Qh5 Kg7 26. Nc2 Bb7 27. Ne3 Rh8 28. Ng4
Rf5 29. Qxf5 exf5 30. Ne5 Re8 0-1

[Event "AUTO-ADV-111"]
[Site "http://www.queenalice.com/game.php?id=42043"]
[Date "2005.12.7"]
[Round "1"]
[White "cipripereira"]
[Black "raphaelsantana"]
[Result "1-0"]
[WhiteElo "1560"]
[BlackElo "1231"]

1. e3 Nc6 2. Bc4 e6 3. h4 h5 4. g4 hxg4 5. Qxg4 Nb4 6. Kd1 Nf6 7. Qe2 Ne4 8. Qf3
d5 9. c3 Nc6 10. h5 Ne5 11. Bb5+ c6 12. Qf4 f6 13. d4 Nf7 14. Bd3 Bd6 15. Qf3
Nfg5 16. Qg2 b5 17. f3 Ng3 18. Bg6+ Kd7 19. f4 N5e4 20. f5 exf5 21. Nd2 Nxh1 22.
Qxh1 Nf2+ 23. Kc2 Nxh1 24. Ndf3 b4 25. Bd2 c5 26. Ne2 Ba6 27. Nf4 Kc6 28. Rxh1
1-0

[Event "Challenge"]
[Site "http://www.queenalice.com/game.php?id=42262"]
[Date "2005.12.8"]
[Round "-"]
[White "raphaelsantana"]
[Black "papiro"]
[Result "1-0"]
[WhiteElo "1159"]
[BlackElo "1420"]

1. e4 e5 2. Nf3 Nc6 3. Nc3 Bc5 4. h4 Nf6 5. Qe2 Nb4 6. Kd1 Ng4 7. d4 exd4 8. Nb5
a6 9. Nbxd4 O-O 10. Ng5 d5 11. f3 Ne5 12. f4 Bxd4 13. fxe5 dxe4 14. Qxe4 h6 15.
Qh7# 1-0

[Event "E ae brother, deixe eu perder pr"]
[Site "http://www.queenalice.com/game.php?id=43347"]
[Date "2005.12.13"]
[Round "-"]
[White "cafa83"]
[Black "raphaelsantana"]
[Result "1-0"]
[WhiteElo "1267"]
[BlackElo "1297"]

1. e3 e5 2. Qf3 Nc6 3. Bc4 Nf6 4. g4 Nb4 5. Na3 e4 6. Qe2 Qe7 7. c3 Nc6 8. Nh3
h5 9. g5 Ng4 10. f3 Nge5 11. fxe4 d5 12. Bxd5 Bxh3 13. Qf2 a5 14. Qe2 Qc5 15.
Nb5 Bg4 16. d4 Qb6 17. Qf2 Qxb5 18. c4 Qb4+ 19. Bd2 Qe7 20. dxe5 Qxe5 21. Qxf7+
Kd8 22. Rg1 Qxb2 23. Rxg4 hxg4 24. Be6 Be7 25. Rc1 Rxh2 26. Qg8+ 1-0